000 01050nas a2200337 4500
001 BR2022000605
003 BR-BrBNA
005 20231205132257.0
007 ta
008 230509b bl.|||p| |||| 00| 00por d
040 _aBR-BrBNA
_bpor
_cBiblioteca Nacional de Agricultura
041 _a(Pt)
072 _aM12; P10
100 1 _aCagol, L.
100 1 _aZadinelo, I.V.
100 1 _aBaldan, L.T.
100 1 _aBallester, E.L.C.
100 1 _aPontes, T.C.
100 1 _aSantos, L.D. dos
245 1 _aConcentrações letais de fósforo na água para tilápia do Nilo (Oreochromis niloticus)
650 _aTILÁPIA NILÓTICA
650 _aQUALIDADE DA ÁGUA
650 _aFOSFATO
650 _aTOXIDEZ
650 _aPROPRIEDADE FÍSICO-QUÍMICA
650 _aAQUICULTURA
773 0 _tActa Iguazu (Brazil)
_xISSN 2316-4093
_g(2016), v. 5(3) p. 71-82
_wBR2022000605
856 4 0 _uhttps://e-revista.unioeste.br/index.php/actaiguazu/article/view/15847/10756
909 _a202311
_bLúcia
_c55
_dLúcia Elande
942 _2AGRIS
_n0
_cANA
999 _c259440
_d259440